| 000 | 00873nam a22002657i 4500 | ||
|---|---|---|---|
| 003 | URS | ||
| 005 | 20220117094901.0 | ||
| 008 | 170311b xxu||||| |||| 00| 0 eng d | ||
| 020 | _a9710388516 (paperback) | ||
| 040 |
_aDML _erda _cCollege _beng |
||
| 041 | 0 | _aeng | |
| 042 | _aDMLUC | ||
| 050 |
_aBD 21 _bP134 2008 |
||
| 100 | 1 |
_aPadilla, Reynaldo A., _eauthor |
|
| 245 | 1 | 0 |
_aPhilosophy made simple : _ba textbook on introduction to philosophy / _cReynaldo A. Padilla. |
| 264 | 1 |
_aMandaluyong City : _bBooks Atbp. Publishing Corporations, _c[©2008]. |
|
| 300 |
_axvi, 227 pages : _billustrationss _c23 cm. |
||
| 336 |
_atext _2rdacontent |
||
| 337 |
_aunmediated _2rdamedia |
||
| 338 |
_avolume _2rdacarrier |
||
| 650 |
_aPhilosophy _xStudy and teaching. |
||
| 650 |
_aPhilosophy _vProblems, exercises, etc. |
||
| 650 |
_aPhilosophy _xIntroductions. |
||
| 942 |
_2lcc _cF |
||
| 999 |
_c11841 _d11841 |
||